Stop (Registro nro. 148273)
[ vista simple ]
| 000 -LEADER | |
|---|---|
| campo de control de longitud fija | 00522nam a2200169 4500 |
| 001 - NÚMERO DE CONTROL | |
| campo de control | 148273 |
| 003 - IDENTIFICADOR DE NÚMERO DE CONTROL | |
| campo de control | ES-MaACL |
| 005 - FECHA Y HORA DE LA ÚLTIMA TRANSACCIÓN | |
| campo de control | 20230906202528.0 |
| 007 - CAMPO FIJO DE DESCRIPCIÓN FÍSICA--INFORMACIÓN GENERAL | |
| campo de control de longitud fija | t| |
| 008 - DATOS DE LONGITUD FIJA--INFORMACIÓN GENERAL | |
| campo de control de longitud fija | 070214s1972 sp r ||||1| spa d |
| 080 ## - NÚMERO DE LA CLASIFICACIÓN DECIMAL UNIVERSAL | |
| Número de la Clasificación Decimal Universal | 821.134.2-84"19" |
| 100 1# - ENTRADA PRINCIPAL--NOMBRE DE PERSONA | |
| Nombre de persona | Sintes Pros, Jorge. |
| 9 (RLIN) | 106654 |
| 245 10 - MENCIÓN DEL TÍTULO | |
| Título | Stop |
| Resto del título | : definiciones, contestaciones, divagaciones y otras cogitaciones / |
| Mención de responsabilidad, etc. | por Jordi Sintes i Pros. |
| 260 ## - PUBLICACIÓN, DISTRIBUCIÓN, ETC. | |
| Lugar de publicación, distribución, etc. | Barcelona : |
| Nombre del editor, distribuidor, etc. | Sintes, |
| Fecha de publicación, distribución, etc. | [1972] ( |
| Fabricante | Alen) |
| 300 ## - DESCRIPCIÓN FÍSICA | |
| Extensión | 90 p. ; |
| Dimensiones | 18 cm. |
| 852 ## - LOCALIZACIÓN | |
| Ubicación | ES-MaACL |
| Número de control de estantería | C-52666 |
| Sublocalización o colección | R.83086 |
| Estatus retirado | Estado de pérdida | Estado de daño | No para préstamo | Biblioteca de origen | Biblioteca actual | Ubicación en estantería | Fecha de adquisición | Fuente de adquisición | Total de préstamos | Signatura topográfica completa | Código de barras | Visto por última vez | Precio de reemplazo | Tipo de ítem Koha |
|---|---|---|---|---|---|---|---|---|---|---|---|---|---|---|
| Biblioteca del Ateneo de Madrid | Biblioteca del Ateneo de Madrid | Depósito 2 | 17/01/2008 | C-52666 | 1154735 | 23/02/2023 | 23/02/2023 | Libro impreso |
